[Event "SAIF POWERTEC 45th BAN Ch 2019"]
[Site "Dhaka"]
[Date "2019.11.11"]
[Round "10.6"]
[White "Mehdi Hasan Parag"]
[Black "Zia, Tahsin Tajwar"]
[Result "0-1"]
[WhiteElo "2162"]
[BlackElo "2080"]
[Annotator "TA"]
[PlyCount "56"]
[EventDate "2019.11.02"]
[EventType "swiss"]
[EventCountry "BAN"]
[SourceTitle "playchess.com"]
[Source "ChessBase"]
[SourceQuality "1"]

{[%evp 12,94,25,25,25,18,21,13,28,23,44,17,44,29,33,37,28,-27,-20,-31,-51,-44,-29,-35,-37,-39,-43,-114,-87,-77,-67,-123,-95,-77,0,-108,-101,-124,-133,-127,-61,-158,-163,-186,-175,-237,-220,-299,-284,-317,-230,-355,-216,-356,-264,-834,-579,-1230,-1225,-1191,-1156,-1114,-1105,-1219,-1132,-29986,-29987,-29993,-29990,-29994,-29975,-29975,-29976,-29950,-5047,-5197,-946,-29984,-29985,-29985,-29986,-29986,-29987,-29987,-29988]} 1. e4 c6 2. d4 d5 3. e5 Bf5 4. Nf3 e6 5. Be2 h6 6. O-O Nd7 7. Nbd2 Ne7 {B12: Caro-Kann: Advance Variation} 8. Nb3 g5 9. Ne1 (9. a4 Bg7 10. a5 O-O 11. c3 Qc7 12. h4 g4 13. Ne1 h5 14. Nd3 Ng6 {0-1 (47) Alekseenko,K (2668)-Artemiev,V (2757) Izhevsk 2019}) 9... Qc7 {The position is equal.} 10. Nd3 Bg7 11. Bh5 c5 $146 ({Predecessor:} 11... Bg6 12. f4 {½-½ (12) Ljubicic,A (1539)-Nikolic,M (1555) Kragujevac 2017}) 12. Nbxc5 Nxc5 13. Nxc5 Bxe5 $1 14. h3 (14. dxe5 $142 Qxc5 15. c3) 14... Bd6 15. Nd3 Ng6 16. a4 Nf4 17. Bxf4 gxf4 18. Re1 Rg8 19. Kf1 (19. Ne5 $15 O-O-O 20. Kh1 Bxe5 21. Rxe5) 19... Be4 20. Bf3 f5 $1 21. Nc5 (21. Qe2 $15) 21... Bxc5 22. dxc5 Qxc5 ({Better is} 22... O-O-O $17 23. b4 a5) 23. Ra3 (23. Bxe4 $1 $11 {was the only way to keep the balance.} fxe4 24. Qh5+ {[%mdl 64] Double Attack} Ke7 25. Qh4+ Rg5 26. Ra3) 23... Ke7 $1 $17 24. Rc3 Qd6 25. Rb3 Qa6+ (25... Rab8 $17 26. Bxe4 fxe4) 26. Re2 (26. Rb5 $15) 26... Rac8 {Strongly threatening ...Bxc2.} 27. Kg1 b6 28. Rd2 (28. Ra3 {might work better.}) 28... Rc4 {Played: Rg8-g6} 0-1

[Event "SAIF POWERTEC 45th BAN Ch 2019"]
[Site "Dhaka"]
[Date "2019.11.11"]
[Round "10.7"]
[White "Abu Sufian, Shakil"]
[Black "Anata, Choudhury"]
[Result "1-0"]
[WhiteElo "2254"]
[BlackElo "2159"]
[Annotator "TA"]
[PlyCount "55"]
[EventDate "2019.11.02"]
[EventType "swiss"]
[EventCountry "BAN"]
[SourceTitle "playchess.com"]
[Source "ChessBase"]
[SourceQuality "1"]

{[%evp 19,55,-10,0,18,11,-35,0,-1,-3,-14,-4,9,74,-36,110,81,139,107,193,67,245,294,347,119,117,116,118,129,424,411,29976,-95,29977,29978,29975,29976,29998,29999]} 1. e4 c5 2. Nf3 d6 3. d4 cxd4 4. Nxd4 Nf6 5. Nc3 a6 6. Bc4 e6 7. Bb3 b5 {[%cal Bb7b5,Bb5b4][%mdl 32]} 8. Bg5 Be7 9. Qf3 Qb6 10. O-O-O O-O 11. Qg3 {B87: Sicilian Scheveningen/Najdorf: 6 Bc4, with early ...b5} (11. Rhe1 Nbd7 12. e5 dxe5 13. Nc6 Bc5 14. Rxd7 Nxd7 15. Bd8 Qb7 16. Ne4 Kh8 17. Na5 Qa7 18. Nc6 Qb7 19. Na5 Qa7 20. Nc6 Qb7 21. Na5 Qa7 {½-½ (21) Lefebvre,H (2290)-Moussard,J (2605) Cappelle-la-Grande 2019}) 11... Bd7 $146 ({Predecessor:} 11... b4 12. Na4 Qc7 13. Bh6 Ne8 14. Kb1 Bd7 15. Be3 Qa5 16. Nf5 Bxa4 17. Nxe7+ Kh8 18. Bxa4 Qxa4 {1-0 (84) Cubas,J (2425)-Almiron,A (2307) Asuncion 2015}) 12. f4 {e5 is the strong threat.} b4 (12... Nc6 $5 {[%cal Rc6d4]} 13. Nde2 Qc7 $11) 13. Bxf6 {The position is equal.} Bxf6 14. e5 dxe5 15. Ne4 exd4 (15... Be7 $11 16. fxe5 Bb5) 16. Nxf6+ $16 Kh8 17. Qh4 $1 {[%csl Gf6][%cal Rh4h7][%mdl 1024] White has strong compensation.} h6 {Threatens to win with ...Qd8.} 18. g4 $1 Bc6 ({And not} 18... gxf6 19. Qxh6+ Kg8 20. g5 Qc7 21. gxf6 Qxf4+ 22. Qxf4 Rc8 23. Qg5+ Kf8 24. Qh6+ Kg8 25. Qg7#) (18... a5 $16 {was necessary.}) 19. Rhg1 ({White must play} 19. Rhe1 $18) 19... Qd8 $2 ({Worse is} 19... gxf6 20. g5 $1 {[%mdl 512]} Be4 21. Qxh6+ Bh7 22. gxf6 Rg8 23. Rxg8+ Kxg8 24. Qg7#) ({Better is} 19... d3 $14 20. g5 Bf3 21. gxh6 g6) 20. g5 $18 Ra7 21. Rd3 $2 (21. Ng4 $18 {And now Nxh6! would win.} Be4 22. Ne5) 21... Bb5 $16 22. Rh3 {Black must now prevent f5.} d3 23. Qf2 $1 $40 {[%cal Rf2a7][%mdl 128] Black is in trouble.} d2+ $2 {[%mdl 8192] [#]} (23... Nc6 $16) 24. Kd1 $1 $18 Nd7 {[#]} (24... Nc6 $18 25. Ne4 Rd7 26. gxh6 g6) 25. Rxh6+ $1 {[%mdl 512]} gxh6 {[#]} 26. Qh4 $1 {[%cal Rh4h6][%mdl 512] White mates.} Nxf6 27. gxf6 {[%cal Rh4h6]} Bd3 28. Qxh6+ {Accuracy: White = 58%, Black = 40%.} 1-0

[Event "SAIF POWERTEC 45th BAN Ch 2019"]
[Site "Dhaka"]
[Date "2019.11.11"]
[Round "10.8"]
[White "Islam, Khandaker Aminul"]
[Black "Ahmed, Sheikh Nasir"]
[Result "0-1"]
[WhiteElo "2229"]
[BlackElo "2186"]
[Annotator "TA"]
[PlyCount "58"]
[EventDate "2019.11.02"]
[EventType "swiss"]
[EventCountry "BAN"]
[SourceTitle "playchess.com"]
[Source "ChessBase"]
[SourceQuality "1"]

{[%evp 12,58,4,5,8,-2,12,8,19,18,23,4,-11,8,35,0,0,-65,-60,-52,-62,-81,-78,-147,-141,-151,-138,-104,-222,-207,-197,-216,-198,-198,-149,-146,-153,-158,-158,-231,-233,-220,-177,-174,-183,-215,-220,-431,-357]} 1. d4 Nf6 2. c4 e6 3. Nf3 Bb4+ 4. Nbd2 d5 5. a3 Be7 6. Qc2 O-O 7. e3 b6 {E11: Bogo-Indian} 8. b3 Ba6 $146 ({Predecessor:} 8... c5 9. cxd5 exd5 10. Bb2 Bb7 11. Bd3 Nbd7 12. Rc1 Rc8 13. Qb1 Bd6 14. O-O Qe7 15. Qa1 {1-0 (54) Zakhartsov,V (2483)-Ehlvest,J (2521) chess.com INT 2019}) 9. Bb2 Nbd7 {The position is equal.} 10. Rd1 Rc8 11. e4 c5 12. e5 Ne8 13. Bd3 h6 14. h4 (14. dxc5 $11 Nxc5 15. Be2) 14... cxd4 15. Bxd4 b5 16. Be3 Qc7 {[%cal Rb5c4]} 17. Bf4 (17. c5 $142) 17... bxc4 $17 18. bxc4 dxc4 19. Bh7+ (19. Be2 $17 {might work better.}) 19... Kh8 $19 20. Ne4 Bb7 ({But not} 20... Bxa3 21. Qa4 $17) 21. Neg5 {next Bg8! is good for White.} Nc5 (21... hxg5 22. hxg5 g6 23. Bxg6+ Kg7 24. Rh7+ Kg8 {[#]} 25. Bxf7+ $1 {[%mdl 512]} Rxf7 26. Qg6+ (26. Rxf7 Nf8 $14) 26... Rg7 27. Qxe6+ Kxh7 28. Ke2 $18) (21... Bxa3 22. Bg8 $1 $14 {[%mdl 512]}) 22. Kf1 Nd3 23. Bxd3 cxd3 24. Qxd3 {[%csl Gg5][%cal Rd3h7]} Qc4 25. Qxc4 (25. Kg1 $17 Qxd3 26. Rxd3) 25... Rxc4 26. Nh3 Bxa3 27. Ra1 Bc5 28. Nd2 Rc2 29. Ng1 $2 (29. Kg1 {was called for.}) 29... f6 {Accuracy: White = 41%, Black = 70%.} 0-1

[Event "SAIF POWERTEC 45th BAN Ch 2019"]
[Site "Dhaka"]
[Date "2019.11.11"]
[Round "10.9"]
[White "Md., Sharif Hossain"]
[Black "Mohammed Abdul, Malek"]
[Result "1-0"]
[WhiteElo "2148"]
[BlackElo "2196"]
[Annotator "TA"]
[PlyCount "175"]
[EventDate "2019.11.02"]
[EventType "swiss"]
[EventCountry "BAN"]
[SourceTitle "playchess.com"]
[Source "ChessBase"]
[SourceQuality "1"]

{[%evp 16,175,14,13,15,0,19,18,29,8,17,20,22,13,23,22,20,18,20,21,14,0,0,0,18,16,28,21,28,28,28,13,28,14,26,14,27,0,23,0,24,20,43,41,36,0,48,48,62,20,84,82,91,89,235,229,209,0,0,0,0,0,15,0,54,0,20,19,133,170,212,205,216,172,457,437,520,397,409,395,401,391,372,381,440,431,445,435,442,436,425,425,413,403,387,338,327,205,362,205,205,82,370,205,205,205,205,205,205,205,205,170,170,170,170,162,162,162,170,170,170,170,170,170,170,170,170,170,170,170,170,170,170,170,170,170,170,170,170,170,170,170,350,297,297,297,260,170,170,170,170,170,170,170,170,170,170,170,170,170,29981,29982]} 1. e4 e6 2. d4 d5 3. Nc3 Nf6 4. e5 Nfd7 5. f4 c5 6. Nf3 Nc6 7. Be3 a6 8. Qd2 b5 9. a3 Rb8 {C11: French: Classical System: 4 e5 and 4 Bg5 dxe4} 10. Ne2 (10. dxc5 Bxc5 11. Bxc5 Nxc5 12. b4 Nd7 13. Bd3 Qb6 14. Ne2 f6 15. exf6 Nxf6 16. Ned4 Nxd4 17. Nxd4 {½-½ (31) Grischuk,A (2769)-Short,N (2652) Douglas 2018}) 10... g6 $146 ({Predecessor:} 10... Qa5 11. Qxa5 Nxa5 12. b3 c4 13. Bd2 Nc6 14. g4 Be7 15. Ng3 f6 16. Bg2 fxe5 17. dxe5 {½-½ (54) Paehtz,T (2362)-Steinle,C (2141) Senden 2014}) 11. g3 Qc7 {The position is equal.} 12. Bh3 cxd4 13. Nexd4 Nc5 14. Nxc6 Qxc6 15. Nd4 Qc7 16. O-O Ne4 17. Qe2 Qc4 18. Rfd1 Qxe2 19. Nxe2 Bc5 20. Bd4 (20. Nd4 {looks sharper.} h5 21. Bf1 h4 22. Kg2 Bb6 23. c3) 20... Bxd4+ 21. Nxd4 Bd7 22. Bg2 Nc5 $1 23. Kf2 Ke7 24. Ke3 Rhc8 25. b3 Rc7 26. Bf3 Rbc8 27. Rd2 Nb7 28. Be2 Rc3+ 29. Rd3 R3c7 30. Rd2 f5 31. Rg1 Nc5 32. Bd3 Ne4 (32... h5 $11 {keeps the balance.}) 33. Rdg2 $16 a5 34. g4 Rc3 (34... fxg4 $16 35. Rxg4 (35. Bxe4 dxe4 36. Rxg4 Rc3+ 37. Kxe4 R8c7 $11) 35... Rh8) 35. gxf5 $18 exf5 36. Ne2 $2 (36. h4 $1 $18) 36... Rxc2 $11 37. Bxc2 Rxc2 38. Nd4 Rc3+ 39. Ke2 Bc8 (39... a4 $11) 40. Ra1 ({White should try} 40. h4 $14) 40... Ba6 41. b4 a4 (41... Rc4 $11 42. Ke3 Rc3+ 43. Ke2 Rc4) 42. Ke1 Re3+ 43. Re2 $1 {[%cal Re2e3]} Rd3 44. Rd1 $1 $36 {[%cal Rd1d3][%mdl 2048] Keeping Black busy.} Rxa3 $2 (44... Rxd1+ 45. Kxd1 Nc3+ {[%mdl 64] Double Attack} 46. Kd2 Nxe2 47. Kxe2 Ke8) 45. Rc2 $18 Kd8 46. Nc6+ {[%mdl 64] Discovered Attack} Kc7 47. Ne7+ Kb8 48. Rxd5 {And now Rd8+ would win.} Re3+ 49. Kf1 $1 {Threatens to win with Rd8+.} Rf3+ 50. Kg2 Rc3 51. Rxc3 Nxc3 {[%mdl 4096] Endgame KRN-KBN} 52. Rc5 Bb7+ 53. Nc6+ ({Weaker is} 53. Kf1 Ne4 $18) 53... Bxc6+ 54. Rxc6 {KR-KN} Nd5 55. e6 a3 56. Kf3 Kb7 $2 (56... a2 {is a better defense.} 57. Ra6 Kc7 58. Rxa2 Kd6 59. Ra6+ Ke7) 57. Rc5 (57. Rc2 $142) 57... a2 58. Rxb5+ (58. Rc1 $1 $18 {is the precise move to win.}) 58... Kc6 $2 {[%mdl 8192] [#]} (58... Kc7 $16 59. Ra5 Nxb4) 59. Ra5 (59. e7 $142 $1 Nxe7 60. Ra5) 59... Nxb4 60. Ra7 {e7 is the strong threat.} Nd5 61. Rxa2 {aiming for Rd2.} Kd6 62. Ra6+ Ke7 63. Rc6 h6 {[#]} 64. h4 $1 Nb4 65. Rb6 Nd5 66. Ra6 h5 67. Kg3 Nb4 68. Rb6 Nd5 69. Rc6 Nb4 70. Rc4 Nd5 71. Kf3 Kxe6 72. Rc6+ Kf7 73. Rd6 Nf6 74. Ke3 Ke7 75. Rd2 Ke6 76. Kd4 Nd5 77. Re2+ Kd6 78. Rf2 Nc7 $2 (78... Ke6 79. Kc5 Nf6) 79. Rg2 Ne6+ 80. Ke3 Nf8 81. Rd2+ Ke6 82. Kd4 Kf6 83. Kd5 Ne6 84. Rf2 Nc7+ 85. Kc6 Ne6 86. Kd6 Nd4 87. Rg2 Ne6 $2 {[#]} (87... Nf3 $18 88. Rg3 Nd2) 88. Rxg6+ $1 {[%mdl 512] Accuracy: White = 60%, Black = 39%.} 1-0

[Event "SAIF POWERTEC 45th BAN Ch 2019"]
[Site "Dhaka"]
[Date "2019.11.11"]
[Round "10.10"]
[White "Nayem, Haque"]
[Black "Rahman, Syed Mahfuzur"]
[Result "1/2-1/2"]
[WhiteElo "1875"]
[BlackElo "2156"]
[Annotator "TA"]
[PlyCount "40"]
[EventDate "2019.11.02"]
[EventType "swiss"]
[EventCountry "BAN"]
[SourceTitle "playchess.com"]
[Source "ChessBase"]
[SourceQuality "1"]

{[%evp 11,40,11,30,0,4,-63,22,18,41,35,54,44,89,75,91,58,49,60,54,52,66,63,57,0,51,0,71,0,55,0,68]} 1. e4 d6 2. d4 Nf6 3. Nc3 g6 4. f4 Bg7 5. Nf3 O-O 6. Bc4 c5 7. dxc5 {B09: Pirc Defence: Austrian Attack} (7. e5 $5 {[%cal Re5f6]} Nfd7 8. e6 $11) (7. e5 Nfd7 8. e6 Nb6 9. exf7+ Kh8 10. Be2 cxd4 11. Nxd4 Nc6 12. Nf3 Rxf7 13. O-O Rf8 14. a4 Be6 {0-1 (44) Moe,M (2218)-Rossen,C (2200) Svendborg 2018}) 7... Qa5 {With the idea ...Nxe4.} 8. Qe2 ({Better is} 8. Bd2 $11) 8... Qxc5 (8... Nxe4 $1 $15 9. Qxe4 Bxc3+ 10. Kf2 Bg7) 9. Be3 $11 Qa5 {next ...Nxe4 is good for Black.} 10. O-O-O $146 ({Predecessor:} 10. O-O Nc6 11. Bb3 Ng4 12. Bd2 Qh5 13. h3 Nd4 14. Nxd4 Bxd4+ {1-0 (48) Ogloblina,L (2116)-Lomakina,G (2089) Gagarin 2009}) 10... Nc6 11. Kb1 Bd7 12. Bd2 Bg4 13. e5 dxe5 14. Nb5 $1 Qb6 {[#] ...e4 is the strong threat.} 15. fxe5 Nd7 {[%cal Rd7e5]} 16. Be3 Qa5 $1 17. Bd2 (17. e6 $5 Nde5 18. exf7+ Nxf7 19. Nbd4 $16) 17... Qb6 {[%cal Rd7e5]} 18. Be3 Qa5 $1 19. Bd2 (19. e6 $5 Nde5 20. exf7+ Nxf7 21. Nbd4 $16) 19... Qb6 {[%cal Rd7e5]} 20. Be3 Qa5 $1 {Accuracy: White = 38%, Black = 52%.} 1/2-1/2